000 00646nam a2200229Ia 4500
003 OSt
005 20220925214438.0
006 a|||||r|||| 00| 0
007 ta
008 220923b |||||||| |||| 00| 0 eng d
037 _cGeneral Book
040 _aRTL
_cRTL
_beng
041 _2eng
_aeng
082 _aX9 (F555).460k3.N7, L5
100 _aMiddleton Roger
245 0 _aOPEC funds and the U K
260 _aLondon
_bEconomist Intelligence Unit UK
_c1975
300 _a86p.
_ccm.
650 _aPetroleum Industry
942 _hX9 (F555).460k3.N7, L5
_cGB
_2CC
999 _c565479
_d565479